00546 2200193 4500001002100000008004100021035001900062245007600081100001800157250001000175260003700185300003100222020002100253084001300274082000700287650002400294990001700318990001700335INLIS000000000016437 Ind $a 0010-0525000100$a Hijau asri lingkunganku " My lush green environment" / $c Nailah Hamidah$a Nailah Hamidah$a Cet. 1$a Jakarta Timur: $b Luxima $c 2024 $a iii, 21 hlm. ; $c 19x19 cm.$a 978-602-268-606-4$a 614 Nai h$a 614$a KESEHATAN MASYARAKAT$a 35237/BT/2024$a 35238/BT/2024